| 000 | 00829nam a2200217Ia 4500 | ||
|---|---|---|---|
| 003 | GCL | ||
| 008 | 140319s9999 xx 000 0 ara d | ||
| 020 | _a8846305977 | ||
| 040 |
_aGCL / _cGCL |
||
| 082 | 0 | 4 |
_a792.09 _bد د |
| 100 | 1 | _aدنكجراف، دانيال ميير | |
| 245 | 1 | 0 |
_aدليل الاعلام فى الفن المسرحى المعاصر / _cدنكجراف، دانيال ميير |
| 250 | _aالاولى | ||
| 260 |
_aالقاهرة : _bالمجلس الاعلى للاثار ، _c2005 |
||
| 260 |
_aالقاهرة : _bوزارة الثقافة - مهرجان القاهرة الدولى للمسرح التجريبى ، _c2005 |
||
| 300 |
_a1140ص ؛ _c24 سم |
||
| 650 | 0 | 4 | _aالفنانون - تراجم |
| 650 | 0 | 4 | _aالمسرحيون |
| 650 | 0 | 4 | _aالمسرح - تراجم |
| 942 |
_2ddc _cBK |
||
| 999 |
_c7780 _d7780 |
||